000 00744nam a2200217Ia 4500
003 GCL
008 140319s9999 xx 000 0 ara d
040 _aGCL /
_cGCL
082 0 4 _a913.031
_bم م
100 1 _aمالون ,?ماكس
245 1 0 _aمذكرات مالوان عالم الاثار وزوج اجاثا كريستى /
_cمالون ,?ماكس
700 1 _aسمير عبدالرحيم الجبلى (مترجم)
260 _a[S.N] :
_bدار المامون للترجمة والنشر ،
_c1987
300 _a338 ص
490 _a
650 0 4 _aالتراجم الذاتية
650 0 4 _aالاثريون
650 0 4 _aالاثار المندثرة
650 0 4 _aحضارة العراق القديمة
942 _2ddc
_cBK
999 _c35884
_d35884